000 00740nam0a22002531 4500
001 rc\2999277
005 20250806200603.0
035 _a(NLR Aleph) 007142804
090 _a70621
_c70621
100 _a20110919d1942 u y0rusy50 ca
101 0 _arus
102 _aRU
105 _ay z |||||
200 1 _aПатриотизм и защита родины в советской поэзии
210 _aКудымкар
_cКомипермгиз
_d1942
215 _a144 с.
_d22 см
700 1 _aЛавров
_bС.Г.
801 0 _aRU
_bNLR
_gpsbo
801 1 _aRU
_bELAR
_2rusmarc
852 _aNLR
_j61-5/409
942 _cBOOK
945 _aРоссийская национальная библиотека
980 _aNB
980 _aBV